00539nam a22001577a 450000500170000001000150001702000260003203500140005803700130007208200150008510000200010024500880012026000520020827000800026030000410034020220330152452.0 aENG-132171 a9789391370114c595.00 aEN-115703 bDBAD/PUB a305.560954 aHasnain, Nadeem aSociology of Marginalized Communities and Weaker Sections In India/cNadeem Hasnain aNew DelhibSage Publication India Pvt Ltdc2021 aB-I/I-I, Mohan Cooperative Industrial Area, Mathura RoadbNew Delhie110044 axviii, 275pbBibliographyc24cm(pbk)